00398nam a2200121Ia 45000010005000000080041000050820019000461000061000652450077001262600030002039010028002339990015002612363241024s9999 xx 000 0 und d aRD/382.9/R426o aRepública Dominicana. Ministro de industria y Comercio 0aOcho años de estabilidad y progreso.Huellas de una estabilidad exitosa bEditora de Revistasc2012 a14/8/2012 10:29:23 a.m. c8260d8260